000 00616nam a2200241Ia 4500
005 20250425162422.0
008 250425s9999 xx 000 0 und d
020 _a9780981853666
041 _aspa
043 _acr
082 _a333.7
100 _aARTAVIA LORIA, ROBERTO
245 0 _aCENTROAMERICA 1982-2007: 25 LECCIONES QUE APRENDI EN INCAE
250 _a1A ED.
260 _aCosta Rica
_bLATINOAMÉRICA POSIBLE
_c2008
260 _aSAN JOSE
300 _a139
650 _aDESARROLLO SOCIO-ECONOMICO
650 _aECONOMIA
710 _aLATINOAMERICA POSIBLE
942 _c01
010 _a71928
999 _c228827
_d228827